[Event "Titled Tuesday intern op 13th Feb Early"]
[Site "Chess.com INT"]
[Date "2024.02.13"]
[Round "8"]
[White "Goncalves, Nata"]
[Black "Shapiro, Viktor"]
[Result "0-1"]
[WhiteElo "1998"]
[BlackElo "2113"]
[PlyCount "72"]
[EventDate "2024.02.13"]
[EventType "swiss (blitz)"]
[EventRounds "11"]
[EventCountry "USA"]
[SourceTitle "CB08_2024"]
[SourceDate "2024.02.21"]
[SourceVersion "1"]
[SourceVersionDate "2024.02.21"]
[SourceQuality "1"]

1. e4 Nf6 2. e5 Nd5 3. c4 Nb6 4. d4 d6 5. f4 dxe5 6. fxe5 c5 7. d5 g6 8. Nc3 Bg7 9. Bf4 0-0 10. Be2 e6 11. d6 Nc6 12. Nf3 Nd7 13. Bg5 Qb6 14. Na4 Qa5+ 15. Bd2 Qd8 16. Bg5 Qa5+ 17. Bd2 Qa6 18. Bc3 Ndxe5 19. Nxc5 Nxf3+ 20. gxf3 Bxc3+ 21. bxc3 Qa5 22. Ne4 f5 23. Ng5 Qxc3+ 24. Kf2 Bd7 25. Rb1 b6 26. h4 Qf6 27. f4 Rad8 28. c5 bxc5 29. Rb7 Nd4 30. h5 h6 31. Nf3 Bc6 32. Rxa7 Rxd6 33. Qg1 Nxe2 34. Kxe2 Qb2+ 35. Ke3 Qc3+ 36. Kf2 Qxf3+ 0-1

[Event "Criciuma op-A"]
[Site "Criciuma"]
[Date "2024.01.13"]
[Round "3"]
[White "Contin, Daniel"]
[Black "Goncalves, Nata"]
[Result "1-0"]
[WhiteElo "2203"]
[BlackElo "1998"]
[PlyCount "57"]
[EventDate "2024.01.12"]
[EventType "swiss"]
[EventRounds "9"]
[EventCountry "BRA"]
[SourceTitle "CB04_2024"]
[SourceDate "2023.10.16"]
[SourceVersion "1"]
[SourceVersionDate "2023.10.16"]
[SourceQuality "1"]

1. c4 e6 2. d4 Nf6 3. Nf3 d5 4. Bg5 dxc4 5. e4 b5 6. a4 c6 7. axb5 cxb5 8. e5 h6 9. Bh4 g5 10. Nxg5 Nd5 11. Nf3 Be7 12. Bxe7 Qxe7 13. Qd2 Bb7 14. Be2 Nd7 15. 0-0 N7b6 16. b3 h5 17. Na3 c3 18. Bxb5+ Kf8 19. Qc1 h4 20. h3 Rc8 21. Be2 Qb4 22. Nb5 Ba8 23. Rxa7 Qxb3 24. Ng5 c2 25. Rxf7+ Kg8 26. Nxe6 Kxf7 27. Qg5 c1Q 28. Nd6+ Kxe6 29. Bg4# 1-0

[Event "Criciuma op-A"]
[Site "Criciuma"]
[Date "2024.01.12"]
[Round "1"]
[White "Do Valle Cardoso, Lucas"]
[Black "Goncalves, Nata"]
[Result "1-0"]
[WhiteElo "2392"]
[BlackElo "1998"]
[PlyCount "49"]
[EventDate "2024.01.12"]
[EventType "swiss"]
[EventRounds "9"]
[EventCountry "BRA"]
[SourceTitle "CB04_2024"]
[SourceDate "2023.10.16"]
[SourceVersion "1"]
[SourceVersionDate "2023.10.16"]
[SourceQuality "1"]

1. e4 e5 2. Nf3 Nc6 3. Bc4 Nf6 4. Ng5 d5 5. exd5 Na5 6. Bb5+ c6 7. dxc6 bxc6 8. Bd3 Nd5 9. Nf3 Bd6 10. 0-0 0-0 11. Re1 f5 12. Nxe5 Qf6 13. Nf3 g5 14. c4 Nf4 15. Bf1 g4 16. d4 gxf3 17. Qxf3 Ng6 18. c5 Bc7 19. b4 Qh4 20. g3 Qxd4 21. bxa5 Ne5 22. Qb3+ Nf7 23. Bb2 Qxc5 24. Bc4 Bd7 25. Qc3 1-0

[Event "Titled Tuesday intern op 14th Mar Late"]
[Site "Chess.com INT"]
[Date "2023.03.14"]
[Round "11"]
[White "Goncalves, Nata"]
[Black "Vila Dupla, Aurelio"]
[Result "0-1"]
[WhiteElo "2017"]
[BlackElo "2030"]
[PlyCount "58"]
[EventDate "2023.03.14"]
[EventType "swiss (blitz)"]
[EventRounds "11"]
[EventCountry "USA"]
[SourceTitle "EXT 2024"]
[Source "ChessBase"]
[SourceDate "2023.10.10"]
[SourceVersion "1"]
[SourceVersionDate "2023.10.10"]
[SourceQuality "1"]

1. e4 c5 2. Nf3 d6 3. d4 cxd4 4. Nxd4 Nf6 5. Nc3 g6 6. Be3 Bg7 7. f3 0-0 8. Qd2 Nc6 9. 0-0-0 d5 10. exd5 Nxd5 11. Nxc6 bxc6 12. Bd4 Nxc3 13. Qxc3 Bh6+ 14. Be3 Bxe3+ 15. Qxe3 Qb6 16. Re1 Be6 17. h4 Rfb8 18. b3 a5 19. a4 h5 20. g4 Qb4 21. gxh5 Qa3+ 22. Kd1 Bxb3 23. Kd2 Qb2 24. Qc3 Rd8+ 25. Bd3 Rxd3+ 26. Qxd3 Bxc2 27. Qe3 Rd8+ 28. Ke2 Bd3+ 29. Kd1 Qc2# 0-1

[Event "Titled Tuesday intern op 7th Mar Early"]
[Site "Chess.com INT"]
[Date "2023.03.07"]
[Round "1"]
[White "Goncalves, Nata"]
[Black "Chor, Kevin"]
[Result "0-1"]
[WhiteElo "2017"]
[BlackElo "1944"]
[PlyCount "92"]
[EventDate "2023.03.07"]
[EventType "swiss (blitz)"]
[EventRounds "11"]
[EventCountry "USA"]
[SourceTitle "EXT 2024"]
[Source "ChessBase"]
[SourceDate "2023.10.10"]
[SourceVersion "1"]
[SourceVersionDate "2023.10.10"]
[SourceQuality "1"]

1. e4 c5 2. Nf3 Nc6 3. Bb5 d6 4. 0-0 Bd7 5. Re1 a6 6. Bf1 Nf6 7. c3 Bg4 8. d4 cxd4 9. cxd4 Bxf3 10. gxf3 g6 11. Nc3 Bg7 12. Be3 0-0 13. Qd2 Rc8 14. Bh3 Rc7 15. d5 Ne5 16. Bg2 Nc4 17. Qe2 Nxe3 18. Qxe3 Nd7 19. Rac1 Ne5 20. f4 Nc4 21. Qe2 b5 22. a4 Bh6 23. axb5 Bxf4 24. bxa6 Bxc1 25. Rxc1 Qb8 26. a7 Qxb2 27. Qxb2 Nxb2 28. Rb1 Rxc3 29. Rxb2 Rc1+ 30. Bf1 Ra1 31. Rb7 Kg7 32. Rxe7 Ra8 33. Rd7 R8xa7 34. Rxd6 R7a4 35. f3 R4a2 36. Rc6 Re1 37. d6 Raa1 38. Rc5 Rxf1+ 39. Kg2 Rfd1 40. e5 Ra7 41. Kf2 f6 42. f4 fxe5 43. fxe5 Kf7 44. Ke2 Rh1 45. Kd3 Ke6 46. Rc7 Rxc7 0-1

[Event "Titled Tuesday intern op 7th Mar Early"]
[Site "Chess.com INT"]
[Date "2023.03.07"]
[Round "9"]
[White "Goncalves, Nata"]
[Black "Qashashvili, Alexandre"]
[Result "1-0"]
[WhiteElo "2017"]
[BlackElo "2505"]
[PlyCount "49"]
[EventDate "2023.03.07"]
[EventType "swiss (blitz)"]
[EventRounds "11"]
[EventCountry "USA"]
[SourceTitle "EXT 2024"]
[Source "ChessBase"]
[SourceDate "2023.10.10"]
[SourceVersion "1"]
[SourceVersionDate "2023.10.10"]
[SourceQuality "1"]

1. e4 c6 2. d4 d5 3. e5 Bf5 4. h4 h5 5. Bd3 Bxd3 6. Qxd3 e6 7. Nf3 Be7 8. Bg5 Nh6 9. 0-0 Nf5 10. g3 Bxg5 11. Nxg5 Nd7 12. c4 Qe7 13. cxd5 cxd5 14. Rc1 f6 15. exf6 gxf6 16. Nxe6 Qxe6 17. Nc3 Nd6 18. Re1 Ne4 19. Nxe4 0-0 20. Ng5 Qxe1+ 21. Rxe1 fxg5 22. Qg6+ Kh8 23. Qxh5+ Kg7 24. Qxg5+ Kh8 25. Re7 1-0

[Event "Titled Tuesday intern op 7th Mar Late"]
[Site "Chess.com INT"]
[Date "2023.03.07"]
[Round "9"]
[White "Goncalves, Nata"]
[Black "Skaric, Djuro"]
[Result "1-0"]
[WhiteElo "2017"]
[BlackElo "2334"]
[PlyCount "137"]
[EventDate "2023.03.07"]
[EventType "swiss (blitz)"]
[EventRounds "11"]
[EventCountry "USA"]
[SourceTitle "EXT 2024"]
[Source "ChessBase"]
[SourceDate "2023.10.10"]
[SourceVersion "1"]
[SourceVersionDate "2023.10.10"]
[SourceQuality "1"]

1. e4 d6 2. d4 g6 3. Nc3 Bg7 4. Be3 Nf6 5. Qd2 0-0 6. 0-0-0 Nc6 7. f3 a6 8. g4 e5 9. Nge2 b5 10. h4 b4 11. Nd5 Nxd5 12. exd5 Ne7 13. dxe5 dxe5 14. h5 f5 15. Bh6 f4 16. Bxg7 Kxg7 17. hxg6 hxg6 18. d6 Qxd6 19. Qxd6 cxd6 20. Rxd6 e4 21. Bg2 Bxg4 22. fxg4 f3 23. Bxf3 exf3 24. Nd4 Rf6 25. Ne6+ Kg8 26. g5 Rf5 27. Rd7 Re8 28. Nc7 f2 29. Rf1 Nd5 30. Nxe8 Ne3 31. Nf6+ Kf8 32. Rdd1 Ke7 33. Kd2 Nxd1 34. Kxd1 Rxg5 35. Ne4 Rd5+ 36. Ke2 Re5 37. Kf3 Ra5 38. Rxf2 Rxa2 39. b3 a5 40. Nc5 Ra1 41. Rg2 Kf6 42. Ne4+ Kf7 43. Nd6+ Kf6 44. Ne4+ Kf7 45. Ke3 a4 46. bxa4 Rxa4 47. Nc5 Ra2 48. Kd4 Kf6 49. Kc4 Rb2 50. Nb3 Kf5 51. Kxb4 g5 52. Kc3 Rb1 53. Nd4+ Kf4 54. Kd3 g4 55. c4 Rd1+ 56. Kc3 g3 57. c5 Re1 58. c6 Re5 59. Kc4 Re8 60. c7 Rc8 61. Kd5 Kg4 62. Ne6 Kh3 63. Nf4+ Kg4 64. Ne6 Kf3 65. Rc2 g2 66. Rc1 Kf2 67. Nf4 Rxc7 68. Rxc7 g1Q 69. Nh3+ 1-0

[Event "Titled Tuesday intern op 7th Mar Early"]
[Site "Chess.com INT"]
[Date "2023.03.07"]
[Round "3"]
[White "Prudnykova, Olga"]
[Black "Goncalves, Nata"]
[Result "1-0"]
[WhiteElo "2268"]
[BlackElo "2017"]
[PlyCount "165"]
[EventDate "2023.03.07"]
[EventType "swiss (blitz)"]
[EventRounds "11"]
[EventCountry "USA"]
[SourceTitle "EXT 2024"]
[Source "ChessBase"]
[SourceDate "2023.10.10"]
[SourceVersion "1"]
[SourceVersionDate "2023.10.10"]
[SourceQuality "1"]

1. e4 c5 2. Nf3 d6 3. Nc3 Nf6 4. e5 dxe5 5. Nxe5 Nbd7 6. d4 cxd4 7. Qxd4 a6 8. Bc4 e6 9. Bf4 Bc5 10. Qd2 0-0 11. 0-0-0 Qe7 12. Nxd7 Bxd7 13. Bg5 Bc6 14. Qf4 b5 15. Bd3 b4 16. Ne4 Bxe4 17. Bxe4 Rac8 18. Qh4 h6 19. Bxf6 Qxf6 20. Qxf6 gxf6 21. f3 Rfd8 22. Bb7 Rb8 23. Bxa6 Be3+ 24. Kb1 Kf8 25. Rhe1 Bf4 26. h3 Bg3 27. Rf1 Ke7 28. Rd3 Rxd3 29. Bxd3 f5 30. Rc1 Bf4 31. Rd1 Rd8 32. a3 bxa3 33. bxa3 Ra8 34. Kb2 Be5+ 35. Kb3 Rb8+ 36. Kc4 Ra8 37. Kb4 Rb8+ 38. Bb5 Bd6+ 39. Kc4 Rc8+ 40. Kb3 e5 41. a4 e4 42. Re1 Bg3 43. Re2 Kd6 44. fxe4 fxe4 45. Rxe4 f5 46. Rd4+ Ke5 47. Rd7 Kf6 48. Rh7 Kg6 49. Re7 Kf6 50. Re3 Bf2 51. Rf3 Be1 52. c4 Ke5 53. Rxf5+ Kxf5 54. Bd7+ Ke5 55. Bxc8 Kd6 56. Bb7 Kc5 57. Bf3 Bg3 58. Bd5 h5 59. Bf7 h4 60. Be8 Kb6 61. Bb5 Bf2 62. Kc3 Be1+ 63. Kd3 Bf2 64. Ke4 Bg3 65. Kd5 Bf2 66. Ke4 Bg3 67. Kf3 Be1 68. Ke3 Bg3 69. Kd4 Bf2+ 70. Kc3 Bg3 71. Kb4 Be1+ 72. Kb3 Bg3 73. Kc2 Bf2 74. Kd3 Bg3 75. Kd4 Bf2+ 76. Kd5 Bg3 77. c5+ Ka5 78. Kc6 Bf4 79. Kb7 Bg3 80. c6 Bd6 81. c7 Be7 82. c8Q Bf6 83. Qc6 1-0

[Event "Titled Tuesday intern op 28th Feb Late"]
[Site "Chess.com INT"]
[Date "2023.02.28"]
[Round "8"]
[White "Goncalves, Nata"]
[Black "Guerb, Leonid"]
[Result "0-1"]
[WhiteElo "2017"]
[BlackElo "2295"]
[PlyCount "50"]
[EventDate "2023.02.28"]
[EventType "swiss (blitz)"]
[EventRounds "11"]
[EventCountry "USA"]
[SourceTitle "CBM 213 Extra"]
[Source "ChessBase"]
[SourceDate "2023.05.31"]
[SourceVersion "1"]
[SourceVersionDate "2023.05.31"]
[SourceQuality "1"]

1. e4 c5 2. Nf3 g6 3. c3 d5 4. exd5 Qxd5 5. d4 Nf6 6. Na3 a6 7. Bc4 Qe4+ 8. Be3 e6 9. dxc5 Bxc5 10. 0-0 Bxe3 11. fxe3 Qxe3+ 12. Kh1 0-0 13. Nc2 Qc5 14. Bb3 Nc6 15. Ncd4 Bd7 16. Qd2 Nxd4 17. cxd4 Qh5 18. Ne5 Ng4 19. Nf3 Bc6 20. h3 Nh6 21. Rae1 Rad8 22. Qf4 Nf5 23. Kg1 Bxf3 24. Rxf3 Nxd4 25. Rf2 Nxb3 0-1

[Event "Titled Tuesday intern op 28th Feb Late"]
[Site "Chess.com INT"]
[Date "2023.02.28"]
[Round "4"]
[White "Goncalves, Nata"]
[Black "Rangel, Daniel"]
[Result "0-1"]
[WhiteElo "2017"]
[BlackElo "2220"]
[PlyCount "98"]
[EventDate "2023.02.28"]
[EventType "swiss (blitz)"]
[EventRounds "11"]
[EventCountry "USA"]
[SourceTitle "CBM 213 Extra"]
[Source "ChessBase"]
[SourceDate "2023.05.31"]
[SourceVersion "1"]
[SourceVersionDate "2023.05.31"]
[SourceQuality "1"]

1. e4 c6 2. d4 d5 3. e5 c5 4. Nf3 cxd4 5. Qxd4 Nc6 6. Qf4 e6 7. Bd3 Nge7 8. Bd2 Ng6 9. Qg3 Qb6 10. b3 Nd4 11. Nxd4 Qxd4 12. Bc3 Bb4 13. Bxg6 hxg6 14. 0-0 Bxc3 15. Qxc3 Qxc3 16. Nxc3 Bd7 17. a4 a6 18. Ne2 Rb8 19. Nd4 Rc8 20. f4 Ke7 21. Rac1 Rc3 22. Rf3 Rhc8 23. Rxc3 Rxc3 24. Kf2 Rc8 25. Ke3 Rh8 26. h3 Rf8 27. c4 Rc8 28. Kd3 f6 29. c5 fxe5 30. fxe5 Rf8 31. c6 bxc6 32. Nxc6+ Ke8 33. Nb8 Kd8 34. Nxa6 Rf2 35. Rc2 Rf1 36. Nc5 Re1 37. Nxd7 Kxd7 38. Re2 Rb1 39. Kc3 Kc6 40. Kb4 Rc1 41. a5 d4 42. Ka4 Kd5 43. a6 d3 44. Rd2 Kd4 45. Kb5 Kc3 46. Rxd3+ Kxd3 47. b4 Kc3 48. a7 Ra1 49. Kb6 Kxb4 0-1

[Event "Titled Tuesday intern op 28th Feb Late"]
[Site "Chess.com INT"]
[Date "2023.02.28"]
[Round "11"]
[White "Goncalves, Nata"]
[Black "Vidal del Rio, Manuel"]
[Result "1-0"]
[WhiteElo "2017"]
[BlackElo "2102"]
[PlyCount "91"]
[EventDate "2023.02.28"]
[EventType "swiss (blitz)"]
[EventRounds "11"]
[EventCountry "USA"]
[SourceTitle "CBM 213 Extra"]
[Source "ChessBase"]
[SourceDate "2023.05.31"]
[SourceVersion "1"]
[SourceVersionDate "2023.05.31"]
[SourceQuality "1"]

1. e4 e5 2. Nf3 Nc6 3. Bb5 a6 4. Ba4 Nf6 5. 0-0 Be7 6. Re1 b5 7. Bb3 0-0 8. c3 d5 9. exd5 Nxd5 10. Nxe5 Nxe5 11. Rxe5 c6 12. d4 Bd6 13. Re1 Qh4 14. g3 Qh3 15. Bxd5 cxd5 16. Qf3 Ra7 17. Bf4 Qf5 18. Nd2 Bxf4 19. Qxf4 Qxf4 20. gxf4 a5 21. a3 Ra6 22. Nb3 a4 23. Nc5 Rf6 24. Re5 Rxf4 25. Rae1 h6 26. Kg2 Be6 27. Kg3 g5 28. f3 Rh4 29. Nxe6 fxe6 30. Rxe6 Rhf4 31. R1e3 Kg7 32. Re7+ Kg6 33. R7e5 R8f5 34. Rxf5 Rxf5 35. h4 gxh4+ 36. Kxh4 Rf4+ 37. Kg3 Rf5 38. Re6+ Kf7 39. Re5 Rf6 40. Rxd5 Rg6+ 41. Kf4 Rg2 42. Rxb5 Kg6 43. Rb6+ Kg7 44. Rb7+ Kg6 45. Rb8 h5 46. Rg8+ 1-0

[Event "Titled Tuesday intern op 28th Feb Late"]
[Site "Chess.com INT"]
[Date "2023.02.28"]
[Round "5"]
[White "Kujawski, Adam"]
[Black "Goncalves, Nata"]
[Result "0-1"]
[WhiteElo "2191"]
[BlackElo "2017"]
[PlyCount "88"]
[EventDate "2023.02.28"]
[EventType "swiss (blitz)"]
[EventRounds "11"]
[EventCountry "USA"]
[SourceTitle "CBM 213 Extra"]
[Source "ChessBase"]
[SourceDate "2023.05.31"]
[SourceVersion "1"]
[SourceVersionDate "2023.05.31"]
[SourceQuality "1"]

1. e4 c5 2. Nf3 d6 3. d4 cxd4 4. Nxd4 Nf6 5. Nc3 a6 6. Bg5 e6 7. f4 Be7 8. Qf3 Qc7 9. 0-0-0 Nbd7 10. Bd3 b5 11. Rhe1 Bb7 12. Qg3 b4 13. Nd5 exd5 14. exd5 Kd8 15. Nc6+ Bxc6 16. dxc6 Qxc6 17. Bxf6 Nxf6 18. Qxg7 Re8 19. Rxe7 Kxe7 20. Re1+ Kd7 21. Qxf7+ Kc8 22. Re6 Rxe6 23. Qxe6+ Kc7 24. Qxf6 Rd8 25. Bxh7 Qxg2 26. b3 Qxh2 27. Bd3 Qh1+ 28. Kb2 Qc6 29. f5 Qd5 30. Bxa6 Qe5+ 31. Qxe5 dxe5 32. Bd3 Rd4 33. a3 e4 34. Bb5 bxa3+ 35. Kxa3 e3 36. f6 Rf4 37. Kb2 Rxf6 38. Kc3 Rd6 39. Bd3 Kd7 40. b4 Kc6 41. Be4+ Kb5 42. Bd3+ Kb6 43. Be4 Re6 44. Bd3 e2 0-1

[Event "Titled Tuesday intern op 21st Feb Early"]
[Site "Chess.com INT"]
[Date "2023.02.21"]
[Round "4"]
[White "Goncalves, Nata"]
[Black "Karttunen, Mika"]
[Result "0-1"]
[WhiteElo "2017"]
[BlackElo "2495"]
[PlyCount "88"]
[EventDate "2023.02.21"]
[EventType "swiss (blitz)"]
[EventRounds "11"]
[EventCountry "USA"]
[SourceTitle "CBM 212 Extra"]
[Source "ChessBase"]
[SourceDate "2023.03.31"]
[SourceVersion "1"]
[SourceVersionDate "2023.03.31"]
[SourceQuality "1"]

1. e4 e5 2. Nf3 Nc6 3. Bb5 Nf6 4. d3 d6 5. 0-0 Bd7 6. c3 Be7 7. Re1 0-0 8. d4 a6 9. Ba4 b5 10. Bc2 Bg4 11. d5 Na5 12. h3 Bd7 13. Nbd2 c6 14. dxc6 Bxc6 15. b4 Nc4 16. Nxc4 bxc4 17. Qe2 Rc8 18. Bg5 Bb7 19. Nd2 Qc7 20. Nf1 h6 21. Bxf6 Bxf6 22. Ne3 Bg5 23. Rad1 Bxe3 24. Qxe3 Rfe8 25. Rd2 Re6 26. f4 exf4 27. Qxf4 Rce8 28. Rd4 Qb6 29. Kh2 d5 30. e5 Qc7 31. Qf5 g6 32. Qf4 Rxe5 33. Rxe5 Qxe5 34. Qxe5 Rxe5 35. Kg3 Kg7 36. Kf3 Kf6 37. a4 Ke6 38. Rf4 f5 39. Rd4 h5 40. g3 Re1 41. Rd2 Ra1 42. a5 Ra3 43. Re2+ Kd7 44. Re3 d4+ 0-1

[Event "Titled Tuesday intern op 21st Feb Early"]
[Site "Chess.com INT"]
[Date "2023.02.21"]
[Round "6"]
[White "Goncalves, Nata"]
[Black "Papayan, Oleg"]
[Result "0-1"]
[WhiteElo "2017"]
[BlackElo "2253"]
[PlyCount "40"]
[EventDate "2023.02.21"]
[EventType "swiss (blitz)"]
[EventRounds "11"]
[EventCountry "USA"]
[SourceTitle "CBM 212 Extra"]
[Source "ChessBase"]
[SourceDate "2023.03.31"]
[SourceVersion "1"]
[SourceVersionDate "2023.03.31"]
[SourceQuality "1"]

1. e4 d5 2. exd5 Qxd5 3. Nc3 Qd8 4. d4 c6 5. Nf3 Bf5 6. Bc4 e6 7. 0-0 Nd7 8. Re1 Be7 9. a4 a5 10. Bf4 Ngf6 11. Nh4 Bg4 12. f3 Bh5 13. g4 Bg6 14. Qe2 Nb6 15. Bb3 Nxg4 16. Nxg6 Qxd4+ 17. Be3 Nxe3 18. Qxe3 Qxe3+ 19. Rxe3 hxg6 20. Rd1 Bc5 0-1

[Event "Titled Tuesday intern op 21st Feb Early"]
[Site "Chess.com INT"]
[Date "2023.02.21"]
[Round "10"]
[White "Rose, Felix"]
[Black "Goncalves, Nata"]
[Result "1-0"]
[WhiteElo "2091"]
[BlackElo "2017"]
[PlyCount "91"]
[EventDate "2023.02.21"]
[EventType "swiss (blitz)"]
[EventRounds "11"]
[EventCountry "USA"]
[SourceTitle "CBM 212 Extra"]
[Source "ChessBase"]
[SourceDate "2023.03.31"]
[SourceVersion "1"]
[SourceVersionDate "2023.03.31"]
[SourceQuality "1"]

1. d4 Nf6 2. Nc3 d5 3. Bf4 c5 4. e4 dxe4 5. dxc5 Qxd1+ 6. Rxd1 Bg4 7. Be2 Bxe2 8. Ngxe2 e6 9. b4 a5 10. a3 Be7 11. Ng3 axb4 12. axb4 Nc6 13. b5 Nb4 14. 0-0 0-0 15. Ngxe4 Nxe4 16. Nxe4 Rac8 17. c3 Nd5 18. Bd6 Bxd6 19. cxd6 Nxc3 20. d7 Ne2+ 21. Kh1 Rcd8 22. g3 f5 23. Nc5 Nc3 24. Rd3 Nxb5 25. Nxe6 Kf7 26. Nxf8 Kxf8 27. Rb1 Nc7 28. Rxb7 Ne6 29. f4 Ke7 30. Rd5 g6 31. Kg2 h5 32. Kf3 h4 33. gxh4 Nf8 34. h5 gxh5 35. Rxf5 Nxd7 36. Rxh5 Ke6 37. Rh6+ Kd5 38. Rb5+ Kc4 39. Rf5 Re8 40. Rc6+ Kb4 41. Rc7 Nb6 42. Rf6 Nd5 43. Rb7+ Kc4 44. Rc6+ Kd4 45. Rd7 Re3+ 46. Kf2 1-0

[Event "Titled Tuesday intern op 21st Feb Late"]
[Site "Chess.com INT"]
[Date "2023.02.21"]
[Round "7"]
[White "Vargas, Mauricio"]
[Black "Goncalves, Nata"]
[Result "0-1"]
[WhiteElo "2056"]
[BlackElo "2017"]
[PlyCount "60"]
[EventDate "2023.02.21"]
[EventType "swiss (blitz)"]
[EventRounds "11"]
[EventCountry "USA"]
[SourceTitle "CBM 212 Extra"]
[Source "ChessBase"]
[SourceDate "2023.03.31"]
[SourceVersion "1"]
[SourceVersionDate "2023.03.31"]
[SourceQuality "1"]

1. e4 c5 2. Nf3 Nc6 3. d4 cxd4 4. Nxd4 Nf6 5. Nc3 e5 6. Nf5 d5 7. Ng3 d4 8. Nb1 Bg4 9. f3 Be6 10. Bb5 Qb6 11. Bd3 h5 12. Nf5 Bxf5 13. exf5 Bb4+ 14. Nd2 Nd5 15. 0-0 Ne3 16. Qe1 Nxf1 17. Qxf1 Ne7 18. a3 Bd6 19. Bb5+ Kf8 20. Bd3 Nd5 21. Nc4 Qc7 22. Nd2 Ne3 23. Qe1 Nxc2 24. Bxc2 Qxc2 25. Ne4 Qc7 26. Qh4 d3 27. f6 g6 28. a4 Rc8 29. b3 Bc5+ 30. Nxc5 Qxc5+ 0-1

[Event "Titled Tuesday intern op 21st Feb Late"]
[Site "Chess.com INT"]
[Date "2023.02.21"]
[Round "2"]
[White "Zochowski, Kacper"]
[Black "Goncalves, Nata"]
[Result "1-0"]
[WhiteElo "2262"]
[BlackElo "2017"]
[PlyCount "107"]
[EventDate "2023.02.21"]
[EventType "swiss (blitz)"]
[EventRounds "11"]
[EventCountry "USA"]
[SourceTitle "CBM 212 Extra"]
[Source "ChessBase"]
[SourceDate "2023.03.31"]
[SourceVersion "1"]
[SourceVersionDate "2023.03.31"]
[SourceQuality "1"]

1. Nf3 Nf6 2. c4 g6 3. b3 Bg7 4. Bb2 Kf8 5. g3 h5 6. h4 c6 7. Bg2 d5 8. 0-0 Kg8 9. Nc3 Ne4 10. Qc1 Nxc3 11. Bxc3 Bxc3 12. Qxc3 f6 13. Rac1 Kg7 14. cxd5 cxd5 15. Nd4 e5 16. Nb5 Nc6 17. f4 a6 18. Na3 e4 19. Nc2 Bg4 20. Rfe1 Rc8 21. Nd4 Qb6 22. e3 Nxd4 23. Qxd4 Qxd4 24. exd4 Kf7 25. Bf1 Ke6 26. Rc5 Kd6 27. Rec1 b6 28. R5c3 Rxc3 29. dxc3 b5 30. Kf2 Rc8 31. Ke3 Bd7 32. c4 bxc4 33. bxc4 dxc4 34. Rxc4 Rb8 35. Rc5 Bb5 36. Bxb5 axb5 37. Kxe4 Ra8 38. Rxb5 Rxa2 39. f5 g5 40. hxg5 fxg5 41. Rb6+ Ke7 42. Rg6 h4 43. Rxg5 h3 44. Rh5 h2 45. g4 Kf6 46. Kf4 Rf2+ 47. Kg3 Rd2 48. Rxh2 Rd3+ 49. Kh4 Rxd4 50. Re2 Kf7 51. Re6 Rd3 52. Kg5 Rg3 53. Ra6 Ra3 54. Rxa3 1-0